Socioeconomic renovation in Vietnam The origin, evolution, and impact of Doi Moi
Guardat en:
| Format: | Llibre |
|---|---|
| Idioma: | Undetermined |
| Publicat: |
Canada
ISAS
2000
|
| Matèries: | |
| Etiquetes: |
Afegir etiqueta
Sense etiquetes, Sigues el primer a etiquetar aquest registre!
|
| Thư viện lưu trữ: | Trung tâm Học liệu Trường Đại học Cần Thơ |
|---|
| LEADER | 00534nam a2200169Ia 4500 | ||
|---|---|---|---|
| 001 | CTU_41534 | ||
| 008 | 210402s9999 xx 000 0 und d | ||
| 082 | |a 338.9597 | ||
| 082 | |b S678 | ||
| 245 | 0 | |a Socioeconomic renovation in Vietnam | |
| 245 | 4 | |b The origin, evolution, and impact of Doi Moi | |
| 260 | |a Canada | ||
| 260 | |b ISAS | ||
| 260 | |c 2000 | ||
| 650 | |a vietnam - economic development,vietnam - economic policies | ||
| 904 | |i Nguyễn Quang Điền, 010524 | ||
| 980 | |a Trung tâm Học liệu Trường Đại học Cần Thơ | ||